[Event "ODJM C 2025"]
[Site "Willingen GER"]
[Date "2025.06.14"]
[Round "9"]
[White "Fabritius, Heinrich"]
[Black "Eichner, Willi"]
[Result "1-0"]
[Termination "normal"]
[Board "16"]
[WhiteElo "1224"]
[BlackElo "987"]
[WhiteClock "01:05:56"]
[BlackClock "00:41:59"]
[PlyCount "123"]
[WhiteFideId "533026238"]
[BlackFideId "533043787"]
[EventCountry "GER"]
[EventRounds "9"]
[EventType "swiss"]
[EventDate "2025.06.07"]

1. d4 {[%clk 01:30:58]} {[%emt 00:00:02]} d5 {[%clk 01:30:58]} {[%emt
00:00:02]} 2. c4 {[%clk 01:31:21]} {[%emt 00:00:07]} e5 {[%clk 01:31:25]}
{[%emt 00:00:03]} 3. e3 {[%clk 01:31:35]} {[%emt 00:00:16]} exd4 {[%clk
01:22:02]} {[%emt 00:09:53]} 4. exd4 {[%clk 01:31:28]} {[%emt 00:00:37]} Nf6
{[%clk 01:21:43]} {[%emt 00:00:49]} 5. Nf3 {[%clk 01:31:09]} {[%emt 00:00:49]}
Nc6 {[%clk 01:21:17]} {[%emt 00:00:57]} 6. Nc3 {[%clk 01:31:07]} {[%emt
00:00:31]} Be6 {[%clk 01:21:22]} {[%emt 00:00:23]} 7. cxd5 {[%clk 01:29:40]}
{[%emt 00:02:00]} Nxd5 {[%clk 01:21:14]} {[%emt 00:00:37]} 8. Be2 {[%clk
01:28:22]} {[%emt 00:01:47]} Bd6 {[%clk 01:19:33]} {[%emt 00:02:13]} 9. O-O
{[%clk 01:27:55]} {[%emt 00:00:57]} O-O {[%clk 01:16:26]} {[%emt 00:03:37]} 10.
a3 {[%clk 01:27:18]} {[%emt 00:01:07]} Nce7 {[%clk 01:12:49]} {[%emt 00:04:07]}
11. Qc2 {[%clk 01:24:45]} {[%emt 00:03:03]} Ng6 {[%clk 01:12:32]} {[%emt
00:00:46]} 12. Bd3 {[%clk 01:22:41]} {[%emt 00:02:35]} Qe7 {[%clk 01:07:22]}
{[%emt 00:05:39]} 13. Re1 {[%clk 01:21:58]} {[%emt 00:01:13]} Rfe8 {[%clk
01:07:36]} {[%emt 00:00:16]} 14. Nxd5 {[%clk 01:21:38]} {[%emt 00:00:51]} Qd7
{[%clk 01:07:44]} {[%emt 00:00:22]} 15. Nc3 {[%clk 01:20:59]} {[%emt 00:01:10]}
Rad8 {[%emt 00:02:52]} 16. Bg5 {[%emt 00:02:26]} Rc8 {[%clk 01:01:41]} {[%emt
00:01:11]} 17. d5 {[%clk 01:19:20]} {[%emt 00:02:12]} Bg4 {[%clk 01:01:47]}
{[%emt 00:00:23]} 18. Nd4 {[%clk 01:19:15]} {[%emt 00:00:36]} c5 {[%clk
01:01:06]} {[%emt 00:01:10]} 19. Bb5 {[%clk 01:19:23]} {[%emt 00:00:22]} Rxe1+
{[%clk 01:01:00]} {[%emt 00:00:36]} 20. Rxe1 {[%clk 01:19:39]} {[%emt
00:00:14]} Qc7 {[%clk 01:00:54]} {[%emt 00:00:36]} 21. Nf5 {[%clk 01:13:42]}
{[%emt 00:06:26]} Bxh2+ {[%clk 01:00:50]} {[%emt 00:00:35]} 22. Kh1 {[%clk
01:13:50]} {[%emt 00:00:23]} Be5 {[%emt 00:02:30]} 23. Qe4 {[%emt 00:01:35]}
Bxf5 {[%clk 00:56:10]} {[%emt 00:01:04]} 24. Qxf5 {[%clk 01:10:09]} {[%emt
00:00:19]} f6 {[%clk 00:54:14]} {[%emt 00:06:17]} 25. Bc4 {[%clk 01:08:28]}
{[%emt 00:02:14]} Qd8 {[%clk 00:47:30]} {[%emt 00:07:12]} 26. Qe6+ {[%clk
01:06:57]} {[%emt 00:02:02]} Kh8 {[%clk 00:46:29]} {[%emt 00:01:31]} 27. f4
{[%clk 01:05:28]} {[%emt 00:01:59]} Bxf4 {[%clk 00:45:21]} {[%emt 00:01:38]}
28. Bxf4 {[%clk 01:04:45]} {[%emt 00:01:12]} Nxf4 {[%clk 00:45:43]} {[%emt
00:00:07]} 29. Qf7 {[%emt 00:02:29]} h6 {[%clk 00:44:42]} {[%emt 00:00:55]} 30.
Re7 {[%clk 01:02:56]} {[%emt 00:00:57]} Qg8 {[%clk 00:44:27]} {[%emt 00:00:40]}
31. d6 {[%clk 01:03:00]} {[%emt 00:00:31]} Qxf7 {[%clk 00:44:13]} {[%emt
00:00:45]} 32. Bxf7 {[%clk 01:03:00]} {[%emt 00:00:30]} Kh7 {[%clk 00:44:09]}
{[%emt 00:00:34]} 33. d7 {[%clk 01:03:12]} {[%emt 00:00:18]} Rd8 {[%clk
00:43:41]} {[%emt 00:00:56]} 34. Ne4 {[%clk 01:01:57]} {[%emt 00:01:46]} b6
{[%clk 00:42:47]} {[%emt 00:01:25]} 35. g3 {[%clk 01:01:58]} {[%emt 00:00:28]}
Nd3 {[%clk 00:43:00]} {[%emt 00:00:17]} 36. Nxf6+ {[%clk 01:02:12]} {[%emt
00:00:17]} gxf6 {[%clk 00:42:49]} {[%emt 00:00:40]} 37. Be6+ {[%clk 01:01:26]}
{[%emt 00:01:17]} Kg6 {[%clk 00:42:56]} {[%emt 00:00:20]} 38. Re8 {[%clk
01:01:50]} {[%emt 00:00:09]} Rxd7 {[%clk 00:42:46]} {[%emt 00:00:39]} 39. Bxd7
{[%clk 01:02:14]} {[%emt 00:00:06]} Nxb2 {[%clk 00:42:58]} {[%emt 00:00:18]}
40. Ra8 {[%clk 01:02:34]} {[%emt 00:00:11]} a5 {[%clk 00:42:58]} {[%emt
00:00:30]} 41. Rb8 {[%clk 01:02:56]} {[%emt 00:00:07]} Nc4 {[%clk 00:42:50]}
{[%emt 00:00:38]} 42. Be6 {[%clk 01:03:11]} {[%emt 00:00:15]} Nxa3 {[%clk
00:43:13]} {[%emt 00:00:07]} 43. Rxb6 {[%clk 01:03:33]} {[%emt 00:00:09]} c4
{[%clk 00:41:34]} {[%emt 00:02:09]} 44. Rc6 {[%clk 01:03:39]} {[%emt 00:00:23]}
c3 {[%clk 00:41:17]} {[%emt 00:00:49]} 45. Rxc3 {[%emt 00:00:12]} Nb5 {[%emt
00:00:01]} 46. Rc5 {[%clk 01:03:47]} {[%emt 00:00:08]} Nd4 {[%clk 00:41:24]}
{[%emt 00:00:22]} 47. Bc4 {[%clk 01:03:52]} {[%emt 00:00:26]} a4 {[%clk
00:41:28]} {[%emt 00:00:26]} 48. Ra5 {[%clk 01:04:05]} {[%emt 00:00:17]} f5
{[%clk 00:41:20]} {[%emt 00:00:37]} 49. Rxa4 {[%clk 01:04:25]} {[%emt
00:00:11]} Nf3 {[%clk 00:41:31]} {[%emt 00:00:18]} 50. Be2 {[%clk 01:04:21]}
{[%emt 00:00:34]} Ne5 {[%clk 00:41:21]} {[%emt 00:00:37]} 51. Kh2 {[%clk
01:04:11]} {[%emt 00:00:42]} Kg5 {[%clk 00:41:10]} {[%emt 00:00:42]} 52. Ra5
{[%clk 01:04:19]} {[%emt 00:00:23]} Nf7 {[%clk 00:41:24]} {[%emt 00:00:14]} 53.
g4 {[%clk 01:04:27]} {[%emt 00:00:21]} Nd6 {[%clk 00:41:31]} {[%emt 00:00:25]}
54. Kg3 {[%clk 01:04:39]} {[%emt 00:00:17]} Ne4+ {[%clk 00:41:43]} {[%emt
00:00:17]} 55. Kg2 {[%clk 01:04:33]} {[%emt 00:00:38]} Nd6 {[%clk 00:41:57]}
{[%emt 00:00:17]} 56. Kh3 {[%clk 01:04:52]} {[%emt 00:00:10]} Kg6 {[%clk
00:41:28]} {[%emt 00:00:54]} 57. Bd3 {[%clk 01:05:10]} {[%emt 00:00:16]} Ne4
{[%clk 00:41:18]} {[%emt 00:00:34]} 58. gxf5+ {[%clk 01:05:30]} {[%emt
00:00:17]} Kg5 {[%clk 00:41:30]} {[%emt 00:00:17]} 59. Bxe4 {[%clk 01:05:50]}
{[%emt 00:00:12]} h5 {[%clk 00:41:53]} {[%emt 00:00:07]} 60. Ra6 {[%clk
01:05:54]} {[%emt 00:00:26]} h4 {[%clk 00:42:10]} {[%emt 00:00:13]} 61. Rg6+
{[%clk 01:05:56]} {[%emt 00:01:02]} Kh5 {[%clk 00:41:59]} {[%emt 00:00:36]} 62.
Bf3# {[%emt 00:00:26]} 1-0

[Event "ODJM C 2025"]
[Site "Willingen GER"]
[Date "2025.06.14"]
[Round "9"]
[White "Rabus, Luise"]
[Black "Rafikov, Artur"]
[Result "1-0"]
[Termination "normal"]
[Board "17"]
[WhiteElo "1454"]
[BlackElo "1423"]
[WhiteClock "01:09:54"]
[BlackClock "00:39:51"]
[PlyCount "55"]
[WhiteFideId "34636900"]
[BlackFideId "34642676"]
[EventCountry "GER"]
[EventRounds "9"]
[EventType "swiss"]
[EventDate "2025.06.07"]

1. e4 {[%clk 01:30:59]} e5 {[%clk 01:30:58]} {[%emt 00:00:03]} 2. Nf3 {[%clk
01:31:24]} {[%emt 00:00:05]} Nc6 {[%clk 01:31:18]} {[%emt 00:00:10]} 3. Bc4
{[%clk 01:31:48]} {[%emt 00:00:05]} Bc5 {[%clk 01:31:41]} {[%emt 00:00:07]} 4.
b4 {[%clk 01:32:13]} {[%emt 00:00:05]} Bxb4 {[%clk 01:31:13]} {[%emt 00:00:58]}
5. c3 {[%clk 01:32:36]} {[%emt 00:00:07]} Bc5 {[%clk 01:31:17]} {[%emt
00:00:26]} 6. d4 {[%clk 01:32:57]} {[%emt 00:00:10]} exd4 {[%clk 01:31:24]}
{[%emt 00:00:23]} 7. Ng5 {[%clk 01:31:35]} {[%emt 00:01:52]} d5 {[%clk
01:20:25]} {[%emt 00:11:29]} 8. Bxd5 {[%clk 01:30:46]} {[%emt 00:01:19]} Be6
{[%clk 01:19:55]} {[%emt 00:01:00]} 9. Nxe6 {[%clk 01:30:47]} {[%emt 00:00:30]}
fxe6 {[%clk 01:19:14]} {[%emt 00:01:11]} 10. Bxe6 {[%clk 01:29:23]} {[%emt
00:01:54]} dxc3 {[%clk 01:18:20]} {[%emt 00:01:24]} 11. Qb3 {[%clk 01:28:17]}
{[%emt 00:01:36]} Nd4 {[%clk 01:15:12]} {[%emt 00:03:36]} 12. Bf7+ {[%clk
01:17:51]} {[%emt 00:10:57]} Kf8 {[%clk 01:11:22]} {[%emt 00:01:28]} 13. Qxc3
{[%clk 01:17:25]} {[%emt 00:03:49]} Kxf7 {[%clk 01:09:16]} {[%emt 00:02:34]}
14. Qxc5 {[%clk 01:15:21]} {[%emt 00:02:35]} Qd6 {[%clk 01:09:08]} {[%emt
00:00:36]} 15. Qc4+ {[%clk 01:13:44]} {[%emt 00:02:09]} Qe6 {[%clk 00:59:25]}
{[%emt 00:12:19]} 16. Qxd4 {[%clk 01:16:32]} {[%emt 00:00:10]} Nf6 {[%clk
00:58:27]} {[%emt 00:01:27]} 17. Nd2 {[%clk 01:15:17]} {[%emt 00:01:45]} Rhd8
{[%clk 00:56:11]} {[%emt 00:02:45]} 18. Qc4 {[%clk 01:15:26]} {[%emt 00:00:22]}
Qxc4 {[%clk 00:55:12]} {[%emt 00:01:29]} 19. Nxc4 {[%clk 01:15:31]} {[%emt
00:00:26]} Nxe4 {[%clk 00:54:53]} {[%emt 00:00:48]} 20. f3 {[%clk 01:14:27]}
{[%emt 00:01:35]} Nc3 {[%clk 00:51:57]} {[%emt 00:03:25]} 21. Bb2 {[%clk
01:12:19]} {[%emt 00:02:39]} Re8+ {[%clk 00:47:59]} {[%emt 00:04:26]} 22. Kf2
{[%clk 01:12:35]} {[%emt 00:00:16]} Nd5 {[%clk 00:45:53]} {[%emt 00:02:35]} 23.
Rhe1 {[%clk 01:12:40]} {[%emt 00:00:26]} Rf8 {[%clk 00:44:45]} {[%emt
00:01:38]} 24. Rad1 {[%clk 01:12:12]} {[%emt 00:00:58]} Nb4 {[%clk 00:42:04]}
{[%emt 00:03:10]} 25. Rd7+ {[%clk 01:10:16]} {[%emt 00:02:27]} Kg8 {[%clk
00:41:49]} {[%emt 00:00:44]} 26. Ree7 {[%clk 01:10:05]} {[%emt 00:00:42]} Rfe8
{[%emt 00:01:28]} 27. Rxg7+ {[%emt 00:00:31]} Kf8 {[%clk 00:39:51]} {[%emt
00:00:25]} 28. Rdf7# {[%clk 01:09:54]} {[%emt 00:00:14]} 1-0

[Event "ODJM C 2025"]
[Site "Willingen GER"]
[Date "2025.06.14"]
[Round "9"]
[White "Hempel, Christian"]
[Black "Trunz, Daniel"]
[Result "1-0"]
[Termination "normal"]
[Board "18"]
[WhiteElo "1457"]
[BlackElo "1495"]
[WhiteClock "00:22:01"]
[BlackClock "01:12:11"]
[PlyCount "57"]
[WhiteFideId "34660470"]
[BlackFideId "34640797"]
[EventCountry "GER"]
[EventRounds "9"]
[EventType "swiss"]
[EventDate "2025.06.07"]

1. d4 {[%clk 01:30:55]} {[%emt 00:00:04]} d5 {[%clk 01:30:59]} {[%emt
00:00:02]} 2. c4 {[%clk 01:31:18]} {[%emt 00:00:07]} c5 {[%clk 01:31:12]}
{[%emt 00:00:17]} 3. Nf3 {[%clk 01:31:17]} {[%emt 00:00:32]} Nf6 {[%clk
01:30:59]} {[%emt 00:00:42]} 4. Nc3 {[%clk 01:31:34]} {[%emt 00:00:13]} Nc6
{[%clk 01:30:41]} {[%emt 00:00:49]} 5. Bg5 {[%clk 01:31:50]} {[%emt 00:00:14]}
e6 {[%clk 01:30:15]} {[%emt 00:00:56]} 6. e3 {[%clk 01:31:36]} {[%emt
00:00:43]} Be7 {[%clk 01:29:20]} {[%emt 00:01:25]} 7. Be2 {[%clk 01:30:34]}
{[%emt 00:01:32]} O-O {[%clk 01:29:31]} {[%emt 00:00:19]} 8. O-O {[%clk
01:30:55]} {[%emt 00:00:10]} Qc7 {[%clk 01:28:23]} {[%emt 00:01:38]} 9. Qc2
{[%clk 01:28:57]} {[%emt 00:02:27]} Rd8 {[%clk 01:27:19]} {[%emt 00:01:34]} 10.
Rfd1 {[%clk 01:23:17]} {[%emt 00:06:10]} e5 {[%clk 01:26:31]} {[%emt 00:01:18]}
11. dxe5 {[%clk 01:20:09]} {[%emt 00:03:38]} Nxe5 {[%clk 01:25:02]} {[%emt
00:01:59]} 12. Bxf6 {[%clk 01:15:43]} {[%emt 00:04:56]} Bxf6 {[%clk 01:24:37]}
{[%emt 00:00:55]} 13. Nxd5 {[%clk 01:14:37]} {[%emt 00:01:36]} Qd6 {[%clk
01:23:52]} {[%emt 00:01:15]} 14. Nxf6+ {[%clk 01:14:23]} {[%emt 00:00:45]} Qxf6
{[%clk 01:23:48]} {[%emt 00:00:33]} 15. Rxd8+ {[%clk 01:14:30]} {[%emt
00:00:23]} Qxd8 {[%clk 01:23:57]} {[%emt 00:00:21]} 16. Nxe5 {[%clk 01:14:44]}
{[%emt 00:00:16]} Qg5 {[%clk 01:23:14]} {[%emt 00:01:13]} 17. Nd3 {[%clk
01:10:03]} {[%emt 00:05:11]} Bh3 {[%clk 01:22:21]} {[%emt 00:01:23]} 18. Bf3
{[%clk 01:08:05]} {[%emt 00:02:28]} Bf5 {[%clk 01:22:00]} {[%emt 00:00:51]} 19.
Qc3 {[%clk 01:05:33]} {[%emt 00:03:02]} Rd8 {[%clk 01:21:16]} {[%emt 00:01:14]}
20. Nxc5 {[%clk 00:55:01]} {[%emt 00:11:03]} Rd6 {[%clk 01:19:56]} {[%emt
00:01:50]} 21. Qe5 {[%clk 00:48:31]} {[%emt 00:06:58]} Rd8 {[%clk 01:19:04]}
{[%emt 00:01:22]} 22. Be4 {[%clk 00:41:33]} {[%emt 00:07:29]} g6 {[%clk
01:18:31]} {[%emt 00:01:03]} 23. f4 {[%clk 00:38:12]} {[%emt 00:03:52]} Qh5
{[%clk 01:16:54]} {[%emt 00:02:06]} 24. Bf3 {[%clk 00:36:40]} {[%emt 00:02:02]}
Qh4 {[%clk 01:16:03]} {[%emt 00:01:21]} 25. Bd5 {[%clk 00:28:54]} {[%emt
00:08:15]} g5 {[%clk 01:13:30]} {[%emt 00:03:03]} 26. Qxf5 {[%clk 00:25:05]}
{[%emt 00:04:19]} gxf4 {[%clk 01:12:20]} {[%emt 00:01:40]} 27. Qxf7+ {[%clk
00:24:35]} {[%emt 00:01:01]} Kh8 {[%clk 01:12:25]} {[%emt 00:00:24]} 28. Ne6
{[%clk 00:22:01]} {[%emt 00:03:05]} Rg8 {[%clk 01:12:11]} {[%emt 00:00:44]} 29.
Qxf4 {[%emt 00:06:37]} 1-0

[Event "ODJM C 2025"]
[Site "Willingen GER"]
[Date "2025.06.14"]
[Round "9"]
[White "Ruddat, Merja"]
[Black "Eßers, Mathilda Marie"]
[Result "0-1"]
[Termination "normal"]
[Board "19"]
[WhiteElo "999"]
[BlackElo "1463"]
[WhiteClock "00:46:05"]
[BlackClock "00:51:46"]
[PlyCount "154"]
[WhiteFideId "34660577"]
[BlackFideId "34684093"]
[EventCountry "GER"]
[EventRounds "9"]
[EventType "swiss"]
[EventDate "2025.06.07"]

1. e4 {[%clk 01:30:58]} c5 {[%clk 01:30:52]} {[%emt 00:00:08]} 2. Nc3 {[%clk
01:31:22]} {[%emt 00:00:07]} e6 {[%clk 01:31:10]} {[%emt 00:00:12]} 3. Bc4
{[%clk 01:31:35]} {[%emt 00:00:17]} Nc6 {[%clk 01:31:21]} {[%emt 00:00:19]} 4.
f4 {[%clk 01:31:45]} {[%emt 00:00:20]} d6 {[%clk 01:31:15]} {[%emt 00:00:36]}
5. Nf3 {[%clk 01:31:50]} {[%emt 00:00:25]} a6 {[%clk 01:30:43]} {[%emt
00:01:03]} 6. a4 {[%clk 01:31:56]} {[%emt 00:00:24]} Qc7 {[%clk 01:29:16]}
{[%emt 00:01:54]} 7. d3 {[%clk 01:30:59]} {[%emt 00:01:29]} Nf6 {[%clk
01:28:13]} {[%emt 00:01:33]} 8. O-O {[%clk 01:29:03]} {[%emt 00:02:26]} Be7
{[%clk 01:27:09]} {[%emt 00:01:35]} 9. Qe1 {[%clk 01:28:26]} {[%emt 00:01:06]}
Nb4 {[%clk 01:25:03]} {[%emt 00:02:36]} 10. Bb3 {[%clk 01:25:45]} {[%emt
00:03:10]} Bd7 {[%clk 01:20:51]} {[%emt 00:04:43]} 11. Qg3 {[%clk 01:19:57]}
{[%emt 00:06:18]} Bf8 {[%clk 01:15:46]} {[%emt 00:05:35]} 12. Be3 {[%clk
01:13:49]} {[%emt 00:06:38]} g6 {[%clk 01:10:31]} {[%emt 00:05:46]} 13. Rac1
{[%clk 01:10:24]} {[%emt 00:03:53]} Bg7 {[%clk 01:08:22]} {[%emt 00:02:39]} 14.
Ne2 {[%clk 01:07:54]} {[%emt 00:03:01]} O-O {[%clk 01:06:01]} {[%emt 00:02:51]}
15. Qh4 {[%clk 01:02:02]} {[%emt 00:06:22]} Qd8 {[%clk 01:03:53]} {[%emt
00:02:38]} 16. f5 {[%clk 01:00:23]} {[%emt 00:02:10]} exf5 {[%clk 01:02:39]}
{[%emt 00:01:43]} 17. Bh6 {[%clk 00:59:39]} {[%emt 00:01:15]} Nh5 {[%clk
01:00:59]} {[%emt 00:02:10]} 18. Bxg7 {[%clk 00:58:26]} {[%emt 00:01:42]} Qxh4
{[%clk 01:01:07]} {[%emt 00:00:23]} 19. Nxh4 {[%clk 00:58:43]} {[%emt
00:00:12]} Nxg7 {[%clk 01:01:17]} {[%emt 00:00:20]} 20. exf5 {[%clk 00:58:31]}
{[%emt 00:00:42]} Nxf5 {[%clk 01:01:30]} {[%emt 00:00:17]} 21. Nxf5 {[%clk
00:58:41]} {[%emt 00:00:21]} Bxf5 {[%clk 01:01:53]} {[%emt 00:00:06]} 22. d4
{[%clk 00:56:37]} {[%emt 00:02:34]} b5 {[%clk 01:00:39]} {[%emt 00:01:43]} 23.
c3 {[%clk 00:55:32]} {[%emt 00:01:36]} Nd3 {[%clk 01:00:36]} {[%emt 00:00:33]}
24. Rc2 {[%clk 00:53:00]} {[%emt 00:03:03]} c4 {[%clk 01:00:29]} {[%emt
00:00:36]} 25. Ba2 {[%clk 00:52:11]} {[%emt 00:01:19]} d5 {[%clk 00:59:01]}
{[%emt 00:01:59]} 26. a5 {[%clk 00:49:47]} {[%emt 00:02:54]} b4 {[%clk
00:57:24]} {[%emt 00:02:07]} 27. Bb1 {[%clk 00:48:19]} {[%emt 00:01:58]} Rfe8
{[%clk 00:53:22]} {[%emt 00:04:31]} 28. Ng3 {[%clk 00:46:59]} {[%emt 00:01:49]}
Bg4 {[%clk 00:51:34]} {[%emt 00:02:18]} 29. Rd2 {[%clk 00:45:28]} {[%emt
00:02:02]} Re3 {[%clk 00:50:28]} {[%emt 00:01:34]} 30. Bxd3 {[%clk 00:42:16]}
{[%emt 00:03:44]} Rxd3 {[%clk 00:50:45]} {[%emt 00:00:13]} 31. Rxd3 {[%clk
00:42:34]} {[%emt 00:00:12]} cxd3 {[%clk 00:51:06]} {[%emt 00:00:09]} 32. Rf2
{[%clk 00:41:02]} {[%emt 00:02:02]} bxc3 {[%clk 00:50:57]} {[%emt 00:00:39]}
33. bxc3 {[%clk 00:40:59]} {[%emt 00:00:33]} Rc8 {[%clk 00:51:01]} {[%emt
00:00:26]} 34. Nf1 {[%clk 00:40:25]} {[%emt 00:01:04]} Rxc3 {[%clk 00:50:41]}
{[%emt 00:00:51]} 35. Rf6 {[%clk 00:40:22]} {[%emt 00:00:31]} Be6 {[%clk
00:50:44]} {[%emt 00:00:28]} 36. Kf2 {[%clk 00:40:17]} {[%emt 00:00:34]} Kg7
{[%clk 00:50:34]} {[%emt 00:00:39]} 37. Rf3 {[%clk 00:40:16]} {[%emt 00:00:31]}
Bg4 {[%clk 00:49:57]} {[%emt 00:01:07]} 38. Re3 {[%clk 00:39:34]} {[%emt
00:01:13]} Rc2+ {[%clk 00:49:10]} {[%emt 00:01:11]} 39. Ke1 {[%clk 00:39:05]}
{[%emt 00:01:05]} Re2+ {[%clk 00:49:08]} {[%emt 00:00:27]} 40. Rxe2 {[%clk
00:39:24]} {[%emt 00:00:16]} Bxe2 {[%clk 00:49:10]} {[%emt 00:00:29]} 41. Ne3
{[%clk 00:39:30]} {[%emt 00:00:23]} Kf6 {[%clk 00:46:21]} {[%emt 00:03:18]} 42.
Nxd5+ {[%clk 00:39:41]} {[%emt 00:00:20]} Kf5 {[%clk 00:46:38]} {[%emt
00:00:12]} 43. Nc7 {[%clk 00:39:54]} {[%emt 00:00:17]} Ke4 {[%clk 00:46:49]}
{[%emt 00:00:18]} 44. Kd2 {[%clk 00:39:18]} {[%emt 00:01:07]} Kxd4 {[%clk
00:46:38]} {[%emt 00:00:42]} 45. Nxa6 {[%clk 00:39:30]} {[%emt 00:00:18]} Kc4
{[%clk 00:46:13]} {[%emt 00:00:55]} 46. Nc7 {[%clk 00:39:38]} {[%emt 00:00:23]}
Kc5 {[%clk 00:45:56]} {[%emt 00:00:42]} 47. a6 {[%clk 00:39:30]} {[%emt
00:00:41]} Kb6 {[%clk 00:46:14]} {[%emt 00:00:12]} 48. Nd5+ {[%clk 00:39:37]}
{[%emt 00:00:24]} Kxa6 {[%clk 00:46:35]} {[%emt 00:00:09]} 49. Nb4+ {[%clk
00:39:46]} {[%emt 00:00:21]} Kb7 {[%clk 00:46:54]} {[%emt 00:00:10]} 50. Nxd3
{[%clk 00:40:11]} {[%emt 00:00:06]} Bxd3 {[%clk 00:47:16]} {[%emt 00:00:08]}
51. Kxd3 {[%clk 00:40:37]} {[%emt 00:00:05]} Kc6 {[%clk 00:47:26]} {[%emt
00:00:20]} 52. Ke4 {[%clk 00:40:58]} {[%emt 00:00:08]} Kd6 {[%clk 00:47:49]}
{[%emt 00:00:08]} 53. Kf4 {[%clk 00:41:07]} {[%emt 00:00:21]} Ke6 {[%clk
00:48:10]} {[%emt 00:00:09]} 54. Kg5 {[%clk 00:40:42]} {[%emt 00:00:53]} h5
{[%clk 00:48:13]} {[%emt 00:00:27]} 55. h3 {[%clk 00:39:04]} {[%emt 00:02:09]}
Ke5 {[%clk 00:45:34]} {[%emt 00:03:10]} 56. g4 {[%clk 00:38:15]} {[%emt
00:01:17]} hxg4 {[%clk 00:45:59]} {[%emt 00:00:05]} 57. hxg4 {[%clk 00:38:40]}
{[%emt 00:00:07]} f5 {[%clk 00:45:46]} {[%emt 00:00:41]} 58. gxf5 {[%clk
00:39:02]} {[%emt 00:00:08]} gxf5 {[%clk 00:46:09]} {[%emt 00:00:08]} 59. Kh4
{[%clk 00:39:28]} {[%emt 00:00:04]} f4 {[%clk 00:46:24]} {[%emt 00:00:15]} 60.
Kh3 {[%clk 00:39:48]} {[%emt 00:00:11]} Ke4 {[%clk 00:46:28]} {[%emt 00:00:26]}
61. Kg2 {[%clk 00:40:03]} {[%emt 00:00:11]} Ke3 {[%clk 00:45:35]} {[%emt
00:01:26]} 62. Kf1 {[%clk 00:40:16]} {[%emt 00:00:17]} Kf3 {[%clk 00:45:53]}
{[%emt 00:00:12]} 63. Ke1 {[%clk 00:40:37]} {[%emt 00:00:10]} Kg2 {[%clk
00:46:17]} {[%emt 00:00:06]} 64. Ke2 {[%clk 00:40:58]} {[%emt 00:00:09]} f3+
{[%clk 00:46:43]} {[%emt 00:00:07]} 65. Ke1 {[%clk 00:41:24]} f2+ {[%clk
00:47:08]} {[%emt 00:00:19]} 66. Ke2 {[%clk 00:41:49]} f1=Q+ {[%clk 00:47:30]}
67. Kd2 {[%clk 00:42:15]} {[%emt 00:00:03]} Qf3 {[%clk 00:47:36]} {[%emt
00:00:23]} 68. Ke1 {[%clk 00:42:38]} {[%emt 00:00:08]} Kg3 {[%clk 00:47:36]}
{[%emt 00:00:30]} 69. Kd2 {[%clk 00:42:56]} {[%emt 00:01:09]} Kf2 {[%clk
00:49:41]} {[%emt 00:00:22]} 70. Kc2 {[%clk 00:43:21]} {[%emt 00:00:08]} Qe3
{[%clk 00:49:31]} {[%emt 00:00:37]} 71. Kb2 {[%clk 00:43:42]} {[%emt 00:00:13]}
Qd3 {[%clk 00:49:41]} {[%emt 00:00:14]} 72. Ka2 {[%clk 00:44:02]} {[%emt
00:00:16]} Qc3 {[%clk 00:49:48]} {[%emt 00:00:17]} 73. Kb1 {[%clk 00:44:22]}
{[%emt 00:00:15]} Qd2 {[%clk 00:50:09]} {[%emt 00:00:07]} 74. Ka1 {[%clk
00:44:47]} {[%emt 00:00:08]} Ke3 {[%clk 00:50:33]} {[%emt 00:00:05]} 75. Kb1
{[%clk 00:45:13]} {[%emt 00:00:04]} Kd3 {[%clk 00:50:58]} {[%emt 00:00:05]} 76.
Ka1 {[%clk 00:45:40]} {[%emt 00:00:04]} Kc3 {[%clk 00:51:20]} {[%emt 00:00:07]}
77. Kb1 {[%clk 00:46:05]} {[%emt 00:00:06]} Qb2# {[%clk 00:51:46]} {[%emt
00:00:04]} 0-1